| 000 | 00311nam a2200109Ia 4500 | ||
|---|---|---|---|
| 008 | 230907s9999||||xx |||||||||||||| ||und|| | ||
| 082 |
_a659.1 _bCLO |
||
| 100 |
_aClow, Kenneth E. _9116004 |
||
| 245 | 0 | _aIntegrated advertising, promotion, and marketing communications / | |
| 300 | _axx, 476 pages : | ||
| 942 | _cBK | ||
| 999 |
_c600736 _d600736 |
||